[Event "Walsrode Chessemy op-A"]
[Site "Walsrode"]
[Date "2023.03.05"]
[Round "2"]
[White "Das, Sayantan"]
[Black "Schleicher, Guido"]
[Result "1-0"]
[WhiteElo "2504"]
[BlackElo "2170"]
[PlyCount "117"]
[EventDate "2023.03.04"]
[EventType "swiss"]
[EventRounds "9"]
[EventCountry "GER"]
[SourceTitle "CBM 213 Extra"]
[Source "ChessBase"]
[SourceDate "2023.05.31"]
[SourceVersion "1"]
[SourceVersionDate "2023.05.31"]
[SourceQuality "1"]

1. e4 c5 2. Nf3 e6 3. g3 Nc6 4. Bg2 d6 5. 0-0 Nf6 6. Qe2 Be7 7. c3 0-0 8. d4 d5 9. e5 Ne4 10. Be3 Bd7 11. Ne1 f5 12. f3 cxd4 13. cxd4 Ng5 14. Nc3 Na5 15. Nd3 b6 16. Rac1 Rc8 17. b4 Nc4 18. Nxd5 Nf7 19. Nc3 Bc6 20. Nf4 Nxe3 21. Qxe3 Bg5 22. Rfd1 Qe7 23. a3 Bb7 24. Nce2 Ba6 25. Bf1 Bh6 26. Rxc8 Rxc8 27. Rc1 Rd8 28. Rc2 Qd7 29. d5 Bxe2 30. dxe6 Qxe6 31. Rxe2 Bxf4 32. Qxf4 Rd5 33. Qc4 Nxe5 34. Qc3 Kf8 35. f4 Qc6 36. Qe3 Ng6 37. h4 h5 38. Re1 Rd8 39. Bg2 Qd6 40. Bf3 Ne7 41. Bxh5 Qd4 42. Bf3 Qxe3+ 43. Rxe3 Rd2 44. Kf1 Kf7 45. Ke1 Rb2 46. Be2 Nc6 47. Bc4+ Kf8 48. Bd5 Ne7 49. Be6 g6 50. Rd3 Rb1+ 51. Rd1 Rb2 52. Rd8+ Kg7 53. Re8 Nc6 54. Bd5 Nd4 55. Re7+ Kf8 56. Rf7+ Ke8 57. Rxa7 Nc2+ 58. Kd2 Nd4+ 59. Kc3 1-0

[Event "Hamburg-chT Landesliga 2122"]
[Site "Hamburg"]
[Date "2021.12.12"]
[Round "3.8"]
[White "Schleicher, Guido"]
[Black "Egelriede, Nikolas"]
[Result "1-0"]
[WhiteElo "2234"]
[BlackElo "1855"]
[PlyCount "73"]
[EventDate "2021.10.31"]
[EventType "team-tourn"]
[EventRounds "9"]
[EventCountry "GER"]
[SourceTitle "EXT 2023"]
[Source "ChessBase"]
[SourceDate "2022.10.05"]
[SourceVersion "1"]
[SourceVersionDate "2022.10.05"]
[SourceQuality "1"]
[WhiteTeam "St Pauli III"]
[BlackTeam "Fischbek"]
[WhiteTeamCountry "GER"]
[BlackTeamCountry "GER"]

1. c4 c6 2. Nf3 Nf6 3. g3 d6 4. Bg2 e5 5. d3 Be7 6. Nc3 0-0 7. 0-0 Bg4 8. h3 Bh5 9. b4 Nbd7 10. b5 Rc8 11. Bd2 h6 12. a4 Qc7 13. Rc1 Bg6 14. e4 Rfd8 15. g4 Nf8 16. Ne2 N6d7 17. Ng3 Nc5 18. Be3 Nfe6 19. Nf5 Nf4 20. Bxf4 exf4 21. N3h4 Bf6 22. d4 Ne6 23. Nf3 Ng5 24. Nxg5 Bxg5 25. Bf3 Re8 26. Re1 Qd7 27. Qd3 Bh7 28. Qa3 Rcd8 29. c5 d5 30. exd5 cxd5 31. Nd6 Rxe1+ 32. Rxe1 h5 33. Bxd5 hxg4 34. Bxf7+ Kf8 35. Be6 Qe7 36. hxg4 Bg8 37. Qb3 1-0

[Event "Winterthur op 9th"]
[Site "Winterthur"]
[Date "2009.10.07"]
[Round "5"]
[White "Schleicher, Guido"]
[Black "Mira, Helene"]
[Result "1-0"]
[WhiteElo "2269"]
[BlackElo "2125"]
[PlyCount "91"]
[EventDate "2009.10.03"]
[EventType "swiss"]
[EventRounds "9"]
[EventCountry "SUI"]
[SourceTitle "CBM 132 Extra"]
[Source "ChessBase"]
[SourceDate "2009.11.03"]
[SourceVersion "1"]
[SourceVersionDate "2009.11.03"]
[SourceQuality "1"]

1. c4 Nf6 2. Nf3 c5 3. Nc3 e6 4. g3 b6 5. Bg2 Bb7 6. 0-0 Be7 7. d4 cxd4 8. Qxd4 Nc6 9. Qf4 0-0 10. Rd1 Qb8 11. Nb5 d5 12. Qxb8 Raxb8 13. Bf4 Rbc8 14. cxd5 Nxd5 15. Nd6 Bxd6 16. Bxd6 Rfd8 17. Ba3 Ba6 18. e4 Ndb4 19. Ne5 f6 20. Bh3 fxe5 21. Bxe6+ Kh8 22. Bxc8 Rxc8 23. Rac1 Nd3 24. Rc3 Nc5 25. Bxc5 bxc5 26. Rxc5 Nd4 27. Rxc8+ Bxc8 28. f4 Be6 29. fxe5 Nf3+ 30. Kf2 Nxe5 31. Rd8+ Bg8 32. b4 h5 33. b5 Kh7 34. a4 Bb3 35. a5 Ba4 36. Rd5 Ng4+ 37. Kf3 Nf6 38. Rc5 Nd7 39. Rxh5+ Kg8 40. Ke3 g6 41. Rg5 Kf7 42. Kd4 Kf6 43. h4 Nf8 44. Rd5 Ne6+ 45. Kc4 Bc2 46. Rd7 1-0

[Event "BL2-Nord 0405"]
[Site "Germany"]
[Date "2005.02.13"]
[Round "7.5"]
[White "Krause, Ullrich"]
[Black "Schleicher, Guido"]
[Result "1/2-1/2"]
[WhiteElo "2289"]
[BlackElo "2216"]
[PlyCount "76"]
[EventDate "2004.10.24"]
[EventType "team-tourn"]
[EventRounds "9"]
[EventCountry "GER"]
[SourceTitle "EXT 2007"]
[Source "ChessBase"]
[SourceDate "2006.11.23"]
[SourceVersion "1"]
[SourceVersionDate "2006.11.23"]
[SourceQuality "1"]
[WhiteTeam "Luebeck"]
[BlackTeam "Hamburg Koenigsspringer"]
[WhiteTeamCountry "GER"]
[BlackTeamCountry "GER"]

1. c4 e5 2. Nc3 Nf6 3. Nf3 Nc6 4. d4 exd4 5. Nxd4 Bb4 6. Bg5 Bxc3+ 7. bxc3 0-0 8. e3 Ne5 9. Be2 h6 10. Bh4 d6 11. Qc2 Re8 12. Rd1 Ng6 13. Bg3 Ne4 14. Bd3 Nxg3 15. hxg3 Ne5 16. Bh7+ Kh8 17. Bf5 Qf6 18. Bxc8 Raxc8 19. Nf5 Ng6 20. Rd4 Re5 21. g4 Rce8 22. g3 Kg8 23. f4 Rc5 24. Kf2 Qe6 25. Qe2 b5 26. cxb5 Rxc3 27. Rhd1 Ne7 28. Qb2 Nxf5 29. Qxc3 Nxd4 30. Qxd4 Qxa2+ 31. Rd2 Qa5 32. Rc2 Re7 33. Qd5 Qb6 34. Re2 Kh7 35. Qf5+ Kg8 36. Qc8+ Kh7 37. Qf5+ Kg8 38. Qc8+ Kh7 1/2-1/2

[Event "BL2-Nord 0405"]
[Site "Germany"]
[Date "2005.01.30"]
[Round "6.3"]
[White "Schleicher, Guido"]
[Black "Cladouras, Panagiotis"]
[Result "1-0"]
[WhiteElo "2216"]
[BlackElo "2342"]
[PlyCount "75"]
[EventDate "2004.10.24"]
[EventType "team-tourn"]
[EventRounds "9"]
[EventCountry "GER"]
[SourceTitle "EXT 2007"]
[Source "ChessBase"]
[SourceDate "2006.11.23"]
[SourceVersion "1"]
[SourceVersionDate "2006.11.23"]
[SourceQuality "1"]
[WhiteTeam "Hamburg Koenigsspringer"]
[BlackTeam "Zehlendorf"]
[WhiteTeamCountry "GER"]
[BlackTeamCountry "GER"]

1. c4 e5 2. Nc3 Nf6 3. g3 Bb4 4. Bg2 0-0 5. e4 Bxc3 6. dxc3 d6 7. Ne2 Nbd7 8. 0-0 b6 9. f3 Bb7 10. Be3 Qe7 11. g4 Kh8 12. Ng3 Ng8 13. Qd2 Qe6 14. b3 Rfd8 15. Rad1 a5 16. h4 a4 17. Qc2 Ra7 18. Bc1 axb3 19. axb3 Rda8 20. Bb2 Nc5 21. Ra1 b5 22. Rxa7 Rxa7 23. b4 Na4 24. cxb5 Nxb2 25. Qxb2 d5 26. Qf2 Ra3 27. Qc5 dxe4 28. fxe4 f6 29. Nf5 Qd7 30. Bf3 g6 31. Rd1 Qf7 32. Ne3 Qb3 33. Qxc7 Qxc3 34. Qxc3 Rxc3 35. Kf2 Rc7 36. Rd8 Kg7 37. b6 Re7 38. Nc4 1-0

[Event "BL2-Nord 0405"]
[Site "Germany"]
[Date "2004.10.24"]
[Round "1.4"]
[White "Schleicher, Guido"]
[Black "Sebastian, Dirk"]
[Result "1-0"]
[WhiteElo "2216"]
[BlackElo "2371"]
[PlyCount "93"]
[EventDate "2004.10.24"]
[EventType "team-tourn"]
[EventRounds "9"]
[EventCountry "GER"]
[SourceTitle "EXT 2007"]
[Source "ChessBase"]
[SourceDate "2006.11.23"]
[SourceVersion "1"]
[SourceVersionDate "2006.11.23"]
[SourceQuality "1"]
[WhiteTeam "Hamburg Koenigsspringer"]
[BlackTeam "Hamburger SK II"]
[WhiteTeamCountry "GER"]
[BlackTeamCountry "GER"]

1. c4 g6 2. Nc3 Bg7 3. g3 e5 4. Bg2 Nc6 5. e4 d6 6. Nge2 h5 7. h4 Bg4 8. Qa4 Nge7 9. d3 0-0 10. 0-0 a6 11. f3 Be6 12. Nd5 Kh7 13. Be3 b5 14. Qc2 Rb8 15. Rad1 Qd7 16. Kh2 a5 17. b3 Nb4 18. Qd2 c5 19. Ndc3 bxc4 20. dxc4 Rfd8 21. f4 Nbc6 22. Nd5 Bg4 23. Rde1 Nxd5 24. exd5 Nd4 25. Bxd4 exd4 26. Qxa5 Rb4 27. Nc1 Bf5 28. a3 Rbb8 29. Qd2 Re8 30. Bf3 Bf6 31. Rxe8 Rxe8 32. Re1 Ra8 33. a4 Bd8 34. Re2 Ba5 35. Qd1 Bc3 36. Nd3 Rb8 37. Nf2 Qb7 38. g4 hxg4 39. Bxg4 Qxb3 40. Bxf5 gxf5 41. Qd3 Qb1 42. Qf3 Qf1 43. Qh5+ Kg7 44. Nd3 Rb1 45. Qg5+ Kh7 46. Qxf5+ Kg7 47. Rg2+ 1-0

[Event "Oberliga Nord N 0304"]
[Site "Germany"]
[Date "2004.04.25"]
[Round "9.4"]
[White "Bekker Jensen, David"]
[Black "Schleicher, Guido"]
[Result "1/2-1/2"]
[WhiteElo "2346"]
[BlackElo "2249"]
[PlyCount "65"]
[EventDate "2003.10.12"]
[EventType "team-tourn"]
[EventRounds "9"]
[EventCountry "GER"]
[SourceTitle "EXT 2005"]
[Source "ChessBase"]
[SourceDate "2004.11.15"]
[SourceVersion "1"]
[SourceVersionDate "2004.11.15"]
[SourceQuality "1"]
[WhiteTeam "Norderstedt"]
[BlackTeam "Hamburg Koenigsspringer"]
[WhiteTeamCountry "GER"]
[BlackTeamCountry "GER"]

1. d4 f5 2. g3 Nf6 3. Bg2 g6 4. c3 Bg7 5. Qb3 Nc6 6. Nd2 e6 7. e4 fxe4 8. Nxe4 Nxe4 9. Bxe4 0-0 10. Nh3 d5 11. Bg2 Na5 12. Qb4 b6 13. Bg5 Qd7 14. 0-0 h6 15. Bc1 g5 16. f4 Ba6 17. Re1 gxf4 18. Bxf4 Rxf4 19. Nxf4 Bf8 20. Bh3 Bxb4 21. Bxe6+ Qxe6 22. Rxe6 Bf8 23. Nxd5 Bc4 24. Re5 c5 25. b3 Bxd5 26. Rxd5 cxd4 27. cxd4 Nc6 28. Rc1 Nb4 29. Rd7 Nxa2 30. Rcc7 Re8 31. Rxa7 Nc1 32. Rab7 Nxb3 33. Kg2 1/2-1/2

[Event "Hamburg Koenigsspringer"]
[Site "Hamburg"]
[Date "2004.03.14"]
[Round "9"]
[White "Schleicher, Guido"]
[Black "Reddmann, Hauke"]
[Result "0-1"]
[WhiteElo "2249"]
[BlackElo "2338"]
[PlyCount "82"]
[EventDate "2004.03.08"]
[EventType "tourn"]
[EventRounds "9"]
[EventCountry "GER"]
[EventCategory "6"]
[SourceTitle "CBM 099 Extra"]
[Source "ChessBase"]
[SourceDate "2004.05.04"]
[SourceVersion "1"]
[SourceVersionDate "2004.05.04"]
[SourceQuality "1"]

1. c4 c5 2. Nc3 Nc6 3. Nf3 e5 4. d3 d6 5. g3 Be7 6. Bg2 f5 7. Rb1 Be6 8. a3 Rc8 9. 0-0 Qd7 10. b4 b6 11. Nd5 Nf6 12. bxc5 dxc5 13. Nxe7 Qxe7 14. Bb2 Bd7 15. e3 0-0 16. d4 e4 17. Ne5 cxd4 18. Nxc6 Rxc6 19. Qxd4 Be6 20. Rfc1 Rd8 21. Qe5 Rc5 22. Qc3 Bxc4 23. Qb4 Nd5 24. Qa4 Bd3 25. Rxc5 bxc5 26. Rc1 c4 27. Bd4 Qd7 28. Qa5 Rb8 29. Bh3 Rf8 30. Qc5 a6 31. a4 Rc8 32. Qa5 Rc6 33. Bf1 h6 34. h4 Kf7 35. Bh3 h5 36. Kh2 Ke6 37. Bxg7 Qxg7 38. Bxf5+ Ke5 39. f4+ exf3 40. Bxd3 cxd3 41. Rxc6 Qb7 0-1

[Event "Hamburg Koenigsspringer"]
[Site "Hamburg"]
[Date "2004.03.13"]
[Round "7"]
[White "Schleicher, Guido"]
[Black "Hochgraefe, Markus"]
[Result "0-1"]
[WhiteElo "2249"]
[BlackElo "2327"]
[PlyCount "98"]
[EventDate "2004.03.08"]
[EventType "tourn"]
[EventRounds "9"]
[EventCountry "GER"]
[EventCategory "6"]
[SourceTitle "CBM 099 Extra"]
[Source "ChessBase"]
[SourceDate "2004.05.04"]
[SourceVersion "1"]
[SourceVersionDate "2004.05.04"]
[SourceQuality "1"]

1. g3 d5 2. Bg2 c5 3. f4 Nc6 4. Nf3 g6 5. 0-0 Bg7 6. Nc3 Nf6 7. d3 d4 8. Na4 Nd7 9. c4 Qc7 10. a3 b6 11. Rb1 Bb7 12. b4 0-0 13. bxc5 bxc5 14. Bd2 Rab8 15. Ng5 Nd8 16. Bxb7 Nxb7 17. f5 Nd6 18. fxg6 hxg6 19. Rxb8 Rxb8 20. Qc2 Qb7 21. Nf3 e5 22. Bc1 Qb3 23. Qxb3 Rxb3 24. Ne1 f5 25. Nc2 Kf7 26. g4 Ke6 27. gxf5+ gxf5 28. Kf2 e4 29. Nb2 Rc3 30. Na1 Rxa3 31. Nc2 Rc3 32. Na1 e3+ 33. Kg2 Nb6 34. h4 a5 35. Bxe3 dxe3 36. Nd1 Ra3 37. Nc2 Ra2 38. Ndxe3 Be5 39. Rc1 f4 40. Ng4 Nf5 41. Kh3 Nd7 42. e3 Nxe3 43. Ncxe3 fxe3 44. Nxe3 Rh2+ 45. Kg4 Nf6+ 46. Kg5 Rh3 47. Nf5 Rf3 48. Ng7+ Kf7 49. Nf5 Bf4# 0-1

[Event "Hamburg Koenigsspringer"]
[Site "Hamburg"]
[Date "2004.03.11"]
[Round "5"]
[White "Schleicher, Guido"]
[Black "Kopylov, Michael"]
[Result "0-1"]
[WhiteElo "2249"]
[BlackElo "2445"]
[PlyCount "68"]
[EventDate "2004.03.08"]
[EventType "tourn"]
[EventRounds "9"]
[EventCountry "GER"]
[EventCategory "6"]
[SourceTitle "CBM 099 Extra"]
[Source "ChessBase"]
[SourceDate "2004.05.04"]
[SourceVersion "1"]
[SourceVersionDate "2004.05.04"]
[SourceQuality "1"]

1. g3 Nf6 2. c4 e5 3. Bg2 c6 4. Nf3 e4 5. Nd4 d5 6. cxd5 cxd5 7. Nc3 Qb6 8. Nb3 Nc6 9. 0-0 a5 10. d4 a4 11. Nc5 a3 12. bxa3 Bxc5 13. dxc5 Qxc5 14. Bb2 0-0 15. Rc1 Qa5 16. Nb1 Ng4 17. h3 Nge5 18. Nd2 Be6 19. Kh2 Qb6 20. Rb1 Qa7 21. f4 exf3 22. exf3 Bf5 23. f4 Bxb1 24. Qxb1 Qe3 25. Rd1 Nc4 26. Nxc4 dxc4 27. Qa1 c3 28. Bxc3 Rxa3 29. Bb2 Qxg3+ 30. Kh1 Re3 31. Rg1 Rfe8 32. Bf1 Qf3+ 33. Bg2 Qf2 34. Bxg7 Re1 0-1

[Event "Hamburg Koenigsspringer"]
[Site "Hamburg"]
[Date "2004.03.08"]
[Round "1"]
[White "Schleicher, Guido"]
[Black "Boidman, Yuri"]
[Result "0-1"]
[WhiteElo "2249"]
[BlackElo "2418"]
[PlyCount "54"]
[EventDate "2004.03.08"]
[EventType "tourn"]
[EventRounds "9"]
[EventCountry "GER"]
[EventCategory "6"]
[SourceTitle "CBM 099 Extra"]
[Source "ChessBase"]
[SourceDate "2004.05.04"]
[SourceVersion "1"]
[SourceVersionDate "2004.05.04"]
[SourceQuality "1"]

1. e4 c5 2. Nf3 Nc6 3. d4 cxd4 4. Nxd4 Nf6 5. Nc3 d6 6. Bg5 e6 7. Qd2 a6 8. 0-0-0 Bd7 9. Be2 Be7 10. Bxf6 Bxf6 11. Nb3 Be7 12. f4 b5 13. Bf3 0-0 14. Kb1 b4 15. Ne2 a5 16. Nbd4 Qb6 17. Nxc6 Bxc6 18. Nd4 Bb7 19. g4 a4 20. f5 e5 21. f6 Bxf6 22. Nf5 b3 23. cxb3 axb3 24. a3 Rfc8 25. Rhf1 d5 26. g5 Rc2 27. Qe1 Qc5 0-1

[Event "Oberliga Nord N 0304"]
[Site "Germany"]
[Date "2004.02.19"]
[Round "6.5"]
[White "Porth, Hartmut"]
[Black "Schleicher, Guido"]
[Result "1/2-1/2"]
[WhiteElo "2173"]
[BlackElo "2249"]
[PlyCount "97"]
[EventDate "2003.10.12"]
[EventType "team-tourn"]
[EventRounds "9"]
[EventCountry "GER"]
[SourceTitle "EXT 2005"]
[Source "ChessBase"]
[SourceDate "2004.11.15"]
[SourceVersion "1"]
[SourceVersionDate "2004.11.15"]
[SourceQuality "1"]
[WhiteTeam "Kiel Meerbauer"]
[BlackTeam "Hamburg Koenigsspringer"]
[WhiteTeamCountry "GER"]
[BlackTeamCountry "GER"]

1. e4 c6 2. Nc3 d5 3. f4 dxe4 4. Nxe4 Nf6 5. Nf2 g6 6. Nf3 Bg7 7. g3 0-0 8. Bg2 b6 9. 0-0 Bb7 10. d4 Nbd7 11. Ne5 Qc7 12. Qf3 Rac8 13. Qa3 c5 14. Nxd7 Qxd7 15. Bxb7 Qxb7 16. dxc5 Rxc5 17. Qd3 Rfc8 18. c3 b5 19. Be3 Rd5 20. Qe2 b4 21. c4 Ra5 22. Rfd1 Qa6 23. Qd3 Rxa2 24. Rxa2 Qxa2 25. b3 a5 26. Qb1 Qe2 27. Qd3 Qf3 28. Bb6 Qa8 29. Ra1 Qb7 30. c5 Nd7 31. Rxa5 Nxb6 32. Rb5 Ra8 33. Rxb6 Ra1+ 34. Nd1 Qc8 35. c6 Qg4 36. Rb8+ Bf8 37. Rxf8+ Kxf8 38. Qd8+ Kg7 39. Qd4+ f6 40. Qxa1 Qe6 41. Nf2 Qxc6 42. Qd1 h5 43. Qd3 h4 44. g4 Qc1+ 45. Kg2 Qxf4 46. Qf3 Qd2 47. Qd3 Qf4 48. Qf3 Qd2 49. Qd3 1/2-1/2

[Event "Oberliga Nord N 0304"]
[Site "Germany"]
[Date "2004.01.18"]
[Round "5.6"]
[White "Schleicher, Guido"]
[Black "Grohde, Wolfgang"]
[Result "1-0"]
[WhiteElo "2249"]
[BlackElo "2170"]
[PlyCount "81"]
[EventDate "2003.10.12"]
[EventType "team-tourn"]
[EventRounds "9"]
[EventCountry "GER"]
[SourceTitle "EXT 2005"]
[Source "ChessBase"]
[SourceDate "2004.11.15"]
[SourceVersion "1"]
[SourceVersionDate "2004.11.15"]
[SourceQuality "1"]
[WhiteTeam "Hamburg Koenigsspringer"]
[BlackTeam "Neumuenster"]
[WhiteTeamCountry "GER"]
[BlackTeamCountry "GER"]

1. c4 c5 2. g3 Nf6 3. Bg2 d5 4. cxd5 Nxd5 5. Nc3 Nc7 6. Nf3 Nc6 7. 0-0 e5 8. d3 Be7 9. Be3 Bd7 10. Rc1 Rc8 11. Nd2 0-0 12. Nc4 f6 13. Ne4 b6 14. f4 Be8 15. fxe5 fxe5 16. Rxf8+ Bxf8 17. Qb3 Kh8 18. Rf1 Be7 19. Ng5 h6 20. Bxc6 hxg5 21. Bxe8 Qxe8 22. Nxe5 Bf6 23. Nf7+ Kh7 24. Nxg5+ Bxg5 25. Bxg5 Qxe2 26. Qf7 Ne6 27. Be7 Rc7 28. Rf5 Kh6 29. h4 Qe1+ 30. Kh2 Qe2+ 31. Rf2 Rxe7 32. Rxe2 Rxf7 33. Rxe6+ Rf6 34. Rxf6+ gxf6 35. g4 Kg6 36. Kg3 Kh6 37. Kf4 Kg6 38. h5+ Kh6 39. Kf5 Kg7 40. Ke6 b5 41. Kd5 1-0

[Event "Oberliga Nord N 0304"]
[Site "Germany"]
[Date "2003.11.02"]
[Round "2.5"]
[White "Schleicher, Guido"]
[Black "Nonnenmacher, Thomas"]
[Result "0-1"]
[WhiteElo "2249"]
[BlackElo "2221"]
[PlyCount "70"]
[EventDate "2003.10.12"]
[EventType "team-tourn"]
[EventRounds "9"]
[EventCountry "GER"]
[SourceTitle "EXT 2005"]
[Source "ChessBase"]
[SourceDate "2004.11.15"]
[SourceVersion "1"]
[SourceVersionDate "2004.11.15"]
[SourceQuality "1"]
[WhiteTeam "Hamburg Koenigsspringer"]
[BlackTeam "Pinneberg"]
[WhiteTeamCountry "GER"]
[BlackTeamCountry "GER"]

1. c4 c5 2. Nc3 b6 3. Nf3 Bb7 4. g3 Nf6 5. Bg2 e6 6. 0-0 Be7 7. d4 d5 8. cxd5 exd5 9. Bg5 0-0 10. Ne5 h6 11. Bf4 Nbd7 12. dxc5 Nxc5 13. Rc1 Ne6 14. Nb5 Bc5 15. Nd3 Qd7 16. Nxc5 bxc5 17. Nc3 Nxf4 18. gxf4 Rac8 19. Qd3 d4 20. Bxb7 Qxb7 21. Na4 Qd5 22. Rfd1 Rfd8 23. b3 Rc6 24. f5 Ng4 25. h3 Ne5 26. Qg3 Nd7 27. Kh2 Re8 28. e3 Rf6 29. Rg1 g6 30. fxg6 Rxg6 31. Qf4 dxe3 32. fxe3 Qd2+ 33. Kh1 Rxe3 34. Qf5 Reg3 35. Rcf1 Qd5+ 0-1

[Event "Wichern op 5th"]
[Site "Hamburg"]
[Date "1999.10.18"]
[Round "5.56"]
[White "Schleicher, Guido"]
[Black "Luckow, Rolf"]
[Result "1-0"]
[WhiteElo "2227"]
[BlackElo "2122"]
[PlyCount "93"]
[EventDate "1999.10.15"]
[EventType "swiss"]
[EventRounds "9"]
[EventCountry "GER"]
[SourceTitle "EXT 2001"]
[Source "ChessBase"]
[SourceDate "2000.11.22"]
[SourceVersion "1"]
[SourceVersionDate "2000.11.22"]
[SourceQuality "1"]

1. c4 Nf6 2. Nc3 d5 3. cxd5 Nxd5 4. g3 g6 5. Bg2 Nb6 6. d3 Bg7 7. Be3 N8d7 8. Nf3 Nf6 9. Qc1 h6 10. 0-0 c6 11. h3 Nbd5 12. Nxd5 Nxd5 13. Bd4 0-0 14. Bxg7 Kxg7 15. b4 Qd6 16. a3 e5 17. Qb2 f6 18. Rfd1 Be6 19. e4 Nc7 20. d4 exd4 21. Nxd4 Qe7 22. a4 a6 23. Rd2 Rad8 24. Rad1 Bc8 25. b5 axb5 26. axb5 Nxb5 27. Nxb5 Rxd2 28. Rxd2 cxb5 29. Qxb5 Rd8 30. Rc2 Qd6 31. Kh2 h5 32. h4 Kh6 33. f4 Qa6 34. Qb2 Bg4 35. e5 Rd7 36. exf6 Rf7 37. Bd5 Rxf6 38. Bxb7 Qd6 39. Rc6 Qxc6 40. Bxc6 Rf8 41. Be4 Bf5 42. Qe5 Bxe4 43. Qxe4 Rf5 44. g4 hxg4 45. Kg3 Rh5 46. Kxg4 Kg7 47. Qe5+ 1-0

[Event "Oberliga Nord N 9900"]
[Site "Germany"]
[Date "1999.??.??"]
[Round "?"]
[White "Schleicher, Guido"]
[Black "Stephan, Axel"]
[Result "0-1"]
[WhiteElo "2210"]
[BlackElo "2235"]
[PlyCount "142"]
[EventDate "1999.10.??"]
[EventType "team"]
[EventRounds "9"]
[EventCountry "GER"]
[SourceTitle "EXT 2001"]
[Source "ChessBase"]
[SourceDate "2000.11.22"]
[SourceVersion "1"]
[SourceVersionDate "2000.11.22"]
[SourceQuality "1"]

1. c4 Nf6 2. Nc3 c5 3. Nf3 b6 4. e3 e6 5. d4 cxd4 6. exd4 d6 7. Bd3 Bb7 8. 0-0 Be7 9. b3 0-0 10. Bb2 Nbd7 11. Re1 Re8 12. Rc1 a6 13. Ng5 Bf8 14. Re3 g6 15. Rh3 h6 16. Nge4 Nxe4 17. Nxe4 Nf6 18. d5 e5 19. Nxf6+ Qxf6 20. Be2 Bg7 21. b4 Rad8 22. Ra3 Qe7 23. Qd2 Kh7 24. Qe3 Qc7 25. Rb3 h5 26. g4 hxg4 27. Bxg4 Bh6 28. Qh3 Kg7 29. Rcc3 Rh8 30. Qg2 Bd2 31. Rc2 Bf4 32. h3 f6 33. Bc1 Bxc1 34. Rxc1 Bc8 35. Bxc8 Qxc8 36. Ra3 Rh5 37. Rcc3 Rg5 38. Rg3 Rxg3 39. Rxg3 Qf5 40. Kh2 Rh8 41. Qf3 Qxf3 42. Rxf3 Rc8 43. Rc3 f5 44. Kg2 Kf6 45. Kf3 e4+ 46. Ke2 Ke5 47. Rc1 Rh8 48. Rg1 Rh6 49. a4 Kd4 50. Rc1 Rxh3 51. a5 b5 52. c5 Kxd5 53. c6 Rh8 54. c7 Rc8 55. Ke3 g5 56. Ke2 f4 57. Rc2 g4 58. Rc3 Ke6 59. Rc6 Kd7 60. Rxa6 Kxc7 61. Ra7+ Kc6 62. Rg7 Kd5 63. Rxg4 Rc2+ 64. Ke1 f3 65. Rg5+ Kc4 66. Rg6 Re2+ 67. Kd1 Rxf2 68. a6 Ra2 69. Rxd6 f2 70. Rf6 Rxa6 71. Rxf2 Ra1+ 0-1

[Event "Wichern op 3rd"]
[Site "Hamburg"]
[Date "1995.??.??"]
[Round "1"]
[White "Schleicher, Guido"]
[Black "Farago, Ivan"]
[Result "0-1"]
[WhiteElo "2250"]
[BlackElo "2520"]
[PlyCount "60"]
[EventDate "1995.09.??"]
[EventType "swiss"]
[EventRounds "9"]
[EventCountry "GER"]
[SourceTitle "EXT 1997"]
[Source "ChessBase"]
[SourceDate "1996.11.15"]
[SourceVersion "1"]
[SourceVersionDate "1996.11.15"]
[SourceQuality "1"]

1. c4 Nf6 2. Nc3 e5 3. g3 Bb4 4. Bg2 0-0 5. Nf3 Nc6 6. 0-0 e4 7. Ne1 Bxc3 8. bxc3 d5 9. cxd5 Qxd5 10. d3 Rd8 11. Qa4 Qe5 12. dxe4 Qxc3 13. Rb1 Nd4 14. Bb2 Qc6 15. Qxc6 Nxe2+ 16. Kh1 bxc6 17. Nc2 Ba6 18. Nb4 Bb5 19. e5 Nd5 20. Nxd5 cxd5 21. Rfd1 Rab8 22. Rxd5 Rxd5 23. Bxd5 Bd3 24. Rd1 Bc2 25. Rd2 Rxb2 26. Rxe2 Rb1+ 27. Kg2 Bf5 28. Rd2 Kf8 29. h3 Rb5 30. f4 Rxd5 0-1